ნორმალური ფორმატი
MARC ფორმატი
ჩანაწერი Personal Name
ჩანაწერთა რაოდენობა, რომელიც გამოყენებულია: 1
001 - CONTROL NUMBER
- control field: 7328
003 - CONTROL NUMBER IDENTIFIER
- control field: GE_BSU
005 - DATE AND TIME OF LATEST TRANSACTION
- control field: 20200221163000.0
008 - FIXED-LENGTH DATA ELEMENTS
- fixed length control field: 200221|| aca||aabn | a|a d
040 ## - CATALOGING SOURCE
- Original cataloging agency: GE_BSU
- Transcribing agency: GE_BSU
100 ## - HEADING--PERSONAL NAME
- Personal name: შანიძე, აკ.
- Relator term: რედაქტორი
670 ## - SOURCE DATA FOUND
- Source citation: Work cat.: (GE_BSU)52504: გიორგი მთაწმინდლის ენა იოვანეს და ეფთვიმეს ცხოვრების მიხედვით = Житие Св. Иоанна и Св. Евфимия = The life of St. John and St. Euthymius
